[Event "34.Festival - Magistrale"]
[Site "Robecchetto con Induno ITA"]
[Date "2022.12.26"]
[Round "1.1"]
[White "Morello, Alessio"]
[Black "Lazic, Miroljub"]
[Result "1/2-1/2"]
[WhiteElo "1981"]
[BlackElo "2320"]
[PlyCount "69"]
[EventDate "2022.12.26"]

1. e4 e5 2. Nf3 Nc6 3. Bb5 Nge7 4. O-O d6 5. c3 a6 6. Ba4 Bd7 7. d4 Ng6 8. d5
Nb8 9. Bxd7+ Nxd7 10. c4 Be7 11. Nc3 h6 12. Be3 Bg5 13. Qd2 Bxe3 14. fxe3 a5
15. b3 Nc5 16. Rab1 Nf8 17. a3 Nfd7 18. b4 Na6 19. Qf2 O-O 20. Nb5 axb4 21.
axb4 Nf6 22. Qc2 c6 23. Nc3 Qb6 24. Qd2 Nxb4 25. Nh4 Ne8 26. Nf5 c5 27. Qf2 Qd8
28. Qg3 Kh7 29. Qh3 Nf6 30. Rf3 Ng8 31. Nb5 Ra6 32. Rbf1 Nd3 33. Qg4 Qg5 34.
Qh3 Qd8 35. Qg4 1/2-1/2

[Event "34.Festival - Magistrale"]
[Site "Robecchetto con Induno ITA"]
[Date "2022.12.26"]
[Round "1.2"]
[White "Angelini, Marco"]
[Black "Volpi, Davide"]
[Result "1-0"]
[WhiteElo "2212"]
[BlackElo "1941"]
[PlyCount "85"]
[EventDate "2022.12.26"]

1. g3 d5 2. Nf3 Nf6 3. Bg2 c6 4. d3 Bf5 5. O-O h6 6. Nbd2 Nbd7 7. Re1 Bh7 8. e4
dxe4 9. dxe4 e5 10. b3 Bc5 11. Bb2 Qe7 12. Re2 Bb6 13. a4 O-O 14. Qe1 Rfe8 15.
Nc4 Bc7 16. Ba3 Qe6 17. Rd1 b5 18. axb5 cxb5 19. Nd6 Reb8 20. Nh4 a5 21. Nhf5
Ra6 22. Bh3 b4 23. Nxh6+ gxh6 24. Bxe6 fxe6 25. Bc1 Bxd6 26. Bxh6 Bc5 27. Kg2
Bd4 28. f3 Rc6 29. Qd2 Kf7 30. Be3 Bc3 31. Qc1 Rbc8 32. Bf2 Nc5 33. Qh6 Bg6 34.
g4 Rg8 35. Kf1 Ncxe4 36. fxe4 Nxg4 37. Qh3 Nf6 38. Bh4 Bh5 39. Rf2 Bxd1 40.
Rxf6+ Ke7 41. Rxe6+ Kd7 42. Rxc6+ Kxc6 43. Qe6+ 1-0

[Event "34.Festival - Magistrale"]
[Site "Robecchetto con Induno ITA"]
[Date "2022.12.26"]
[Round "1.3"]
[White "Zanetti, Alberto"]
[Black "Pegno, Mattia"]
[Result "0-1"]
[WhiteElo "1938"]
[BlackElo "2178"]
[PlyCount "64"]
[EventDate "2022.12.26"]

1. d4 d5 2. Bf4 Nf6 3. e3 e6 4. Nf3 Bd6 5. Bg3 O-O 6. Bd3 c5 7. c3 Qc7 8. Ne5
Nbd7 9. f4 b6 10. Nd2 Bb7 11. Qf3 a5 12. Rc1 c4 13. Bc2 b5 14. Bh4 b4 15. g4 a4
16. g5 Ne8 17. Bxh7+ Kxh7 18. Qh5+ Kg8 19. g6 Ndf6 20. Bxf6 Nxf6 21. gxf7+ Rxf7
22. Qxf7+ Qxf7 23. Nxf7 Kxf7 24. cxb4 Bxb4 25. a3 Ba5 26. Kd1 Ng4 27. Ke2 Ba6
28. Kf3 Bxd2 29. Rcd1 Bxe3 30. Kxg4 Rb8 31. Rhe1 Rb3 32. f5 Bc8 0-1

[Event "34.Festival - Magistrale"]
[Site "Robecchetto con Induno ITA"]
[Date "2022.12.26"]
[Round "1.4"]
[White "Mrdja, Milan"]
[Black "Ranfagni, Stefano"]
[Result "1/2-1/2"]
[WhiteElo "2146"]
[BlackElo "1934"]
[PlyCount "39"]
[EventDate "2022.12.26"]

1. e4 e6 2. d4 d5 3. Nc3 dxe4 4. Nxe4 Nd7 5. Nf3 Ngf6 6. Bg5 Be7 7. Nxf6+ Nxf6
8. Bd3 c5 9. dxc5 Qa5+ 10. c3 Qxc5 11. Qe2 Bd7 12. Ne5 Bc6 13. O-O O-O 14. Rfd1
h6 15. Bh4 Rfd8 16. Rac1 Nd5 17. Qh5 Be8 18. b4 Qc7 19. Bxe7 Qxe7 20. Qf3
1/2-1/2

[Event "34.Festival - Magistrale"]
[Site "Robecchetto con Induno ITA"]
[Date "2022.12.26"]
[Round "1.5"]
[White "Elitropi, Giorgio"]
[Black "Dobboletta, Alex"]
[Result "0-1"]
[WhiteElo "1924"]
[BlackElo "2134"]
[PlyCount "64"]
[EventDate "2022.12.26"]

1. e4 e6 2. d4 d5 3. Nc3 Nf6 4. Bg5 dxe4 5. Nxe4 Be7 6. Bxf6 gxf6 7. Nf3 f5 8.
Nc3 a6 9. d5 b5 10. dxe6 Qxd1+ 11. Nxd1 fxe6 12. g3 Bb7 13. Bg2 Nd7 14. O-O
O-O-O 15. Nd4 Nc5 16. Nc6 Rd7 17. Nxe7+ Rxe7 18. Bxb7+ Kxb7 19. Re1 Rd8 20. Ne3
Red7 21. Rad1 Na4 22. Rxd7 Rxd7 23. Nd1 Rd2 24. b3 Nc5 25. Ne3 Ne4 26. Rf1 Re2
27. Kg2 b4 28. Kf3 Rd2 29. h4 h5 30. g4 Rd4 31. Nxf5 exf5 32. gxf5 Nd6 0-1

[Event "34.Festival - Magistrale"]
[Site "Robecchetto con Induno ITA"]
[Date "2022.12.26"]
[Round "1.6"]
[White "Gonella, Daniele"]
[Black "Zacco, Remo"]
[Result "1-0"]
[WhiteElo "2084"]
[BlackElo "1889"]
[PlyCount "59"]
[EventDate "2022.12.26"]

1. d4 Nf6 2. c4 e5 3. dxe5 Ne4 4. Nd2 Bb4 5. a3 Bxd2+ 6. Bxd2 Nxd2 7. Qxd2 Nc6
8. Nf3 Qe7 9. Qc3 O-O 10. Rd1 Re8 11. Rd5 b6 12. e3 Bb7 13. Be2 Rad8 14. O-O
Nb8 15. Rd3 Be4 16. Rd4 Bxf3 17. Bxf3 Qxe5 18. Rfd1 d6 19. Qc2 Re6 20. Bd5 Rf6
21. Qa4 Qf5 22. Rf4 Qg5 23. Re4 c6 24. Bxc6 Qh5 25. Bd5 Nd7 26. Rd2 Rh6 27.
Qxd7 Qxh2+ 28. Kf1 Qh1+ 29. Ke2 Qh5+ 30. g4 1-0

[Event "34.Festival - Magistrale"]
[Site "Robecchetto con Induno ITA"]
[Date "2022.12.26"]
[Round "1.7"]
[White "Barlocco, Carlo"]
[Black "Covello, Danilo"]
[Result "0-1"]
[WhiteElo "1888"]
[BlackElo "2073"]
[PlyCount "118"]
[EventDate "2022.12.26"]

1. d4 Nf6 2. c4 g6 3. Nc3 d5 4. cxd5 Nxd5 5. e4 Nxc3 6. bxc3 Bg7 7. Nf3 c5 8.
Be3 O-O 9. Rc1 Bg4 10. Be2 Qa5 11. O-O Nd7 12. Qb3 Qc7 13. h3 Bxf3 14. Bxf3 e5
15. d5 Nf6 16. Rb1 b6 17. a4 Rab8 18. c4 Ne8 19. Be2 Nd6 20. Bd3 f5 21. f3 Rfc8
22. Qc2 Rf8 23. Rb3 f4 24. Bd2 Rfc8 25. Rfb1 Qd7 26. Qa2 Bf6 27. Bf1 g5 28. Be1
h5 29. a5 Ra8 30. axb6 axb6 31. Qb2 Ra4 32. Rxb6 Rca8 33. Rb8+ Kf7 34. Rxa8
Rxa8 35. Bc3 Re8 36. Qb6 Rc8 37. Ra1 Rc7 38. Ra5 Rb7 39. Qxc5 g4 40. Ra6 Be7
41. Bxe5 Nxe4 42. Qc6 Bc5+ 43. Qxc5 Nxc5 44. Rf6+ Kg8 45. hxg4 hxg4 46. Rg6+
Kh7 47. Rxg4 Rb1 48. Bxf4 Nd3 49. g3 Qa7+ 50. Kg2 Qa2+ 51. Kh3 Nxf4+ 52. Rxf4
Rxf1 53. Kg4 Rc1 54. Kf5 Rxc4 55. Re4 Rc5 56. Re7+ Kg8 57. Kf6 Qxd5 58. Re8+
Kh7 59. Re7+ Kh6 0-1

[Event "34.Festival - Magistrale"]
[Site "Robecchetto con Induno ITA"]
[Date "2022.12.26"]
[Round "1.8"]
[White "Shatil, Shir"]
[Black "Maglioni, Leonardo"]
[Result "1-0"]
[WhiteElo "2051"]
[BlackElo "1883"]
[PlyCount "117"]
[EventDate "2022.12.26"]

1. d4 Nf6 2. c4 g6 3. Nc3 d5 4. Nf3 Bg7 5. Qb3 dxc4 6. Qxc4 O-O 7. e4 Na6 8.
Be2 c5 9. d5 e6 10. O-O exd5 11. exd5 Bf5 12. Bf4 Qb6 13. Rad1 Qxb2 14. Nh4 Bc2
15. Rd2 Nh5 16. Bxh5 Bxc3 17. Rxc2 Qxc2 18. Rc1 Rfe8 19. Rxc2 Re1+ 20. Qf1
Rxf1+ 21. Kxf1 Bf6 22. Be2 Bxh4 23. Bxa6 bxa6 24. Rxc5 Bd8 25. Rc6 Bb6 26. Bg5
Kf8 27. Bf6 Ke8 28. f4 Kd7 29. Be5 Rc8 30. Rxc8 Kxc8 31. Ke2 f5 32. Kd3 Kd7 33.
Kc4 h5 34. a3 Bg1 35. h3 Bh2 36. Kd3 Bg1 37. Bd4 Bh2 38. Be3 Bg3 39. Kc4 Kc7
40. Kc5 Kd7 41. a4 Be1 42. d6 Ba5 43. Kd5 Bb6 44. Bc5 h4 45. Bb4 Bf2 46. Ke5
Bg3 47. Bc5 g5 48. Be3 g4 49. Bc5 Kc6 50. Bb4 Bf2 51. Kxf5 gxh3 52. gxh3 a5 53.
Ba3 Kd7 54. Ke5 Be1 55. f5 Bc3+ 56. Kf4 Bb4 57. Bb2 Bxd6+ 58. Kg4 Bg3 59. Bf6
1-0

[Event "34.Festival - Magistrale"]
[Site "Robecchetto con Induno ITA"]
[Date "2022.12.26"]
[Round "1.9"]
[White "Di, Chiara Mauro"]
[Black "Brugo, Marco"]
[Result "1/2-1/2"]
[WhiteElo "1874"]
[BlackElo "2021"]
[PlyCount "50"]
[EventDate "2022.12.26"]

1. Nf3 e6 2. c4 f5 3. g3 Nf6 4. Bg2 d6 5. O-O Be7 6. d4 O-O 7. Nc3 Ne4 8. Qc2
Nxc3 9. Qxc3 Bf6 10. Rd1 Qe7 11. h4 h6 12. Qc2 e5 13. dxe5 dxe5 14. Bh3 e4 15.
Nd4 Be5 16. e3 Na6 17. Bd2 Nb4 18. Bxb4 Qxb4 19. a3 Qe7 20. c5 Qf6 21. Bg2 b6
22. Qc4+ Kh8 23. Qd5 Rb8 24. Nc6 Bb7 25. Qxe5 Bxc6 1/2-1/2

[Event "34.Festival - Magistrale"]
[Site "Robecchetto con Induno ITA"]
[Date "2022.12.26"]
[Round "1.10"]
[White "Valtemara, Mattia Angelo"]
[Black "Treccozzi, Riccardo"]
[Result "1/2-1/2"]
[WhiteElo "2018"]
[BlackElo "1873"]
[PlyCount "51"]
[EventDate "2022.12.26"]

1. e4 g6 2. d4 Bg7 3. Nc3 d6 4. f4 a6 5. Nf3 b5 6. Bd3 Nd7 7. Be3 Bb7 8. O-O c5
9. d5 Ngf6 10. Nd2 O-O 11. a4 b4 12. Ncb1 a5 13. Nc4 Nb6 14. Nbd2 Nfd7 15. Qe2
Nxc4 16. Nxc4 Nb6 17. Nxb6 Qxb6 18. Rab1 Ba6 19. Bc4 Bxc4 20. Qxc4 Qa6 21. b3
Qxc4 22. bxc4 f5 23. exf5 gxf5 24. Rfe1 Kf7 25. Bf2 Bf6 26. g3 1/2-1/2

[Event "34.Festival - Magistrale"]
[Site "Robecchetto con Induno ITA"]
[Date "2022.12.26"]
[Round "1.11"]
[White "Ambrosini, Andrea"]
[Black "Kalosha, Zhiulien Oleksii"]
[Result "0-1"]
[WhiteElo "1827"]
[BlackElo "2011"]
[PlyCount "94"]
[EventDate "2022.12.26"]

1. e4 e5 2. Bc4 Nf6 3. d3 Nc6 4. c3 Bc5 5. Nf3 O-O 6. Nbd2 a6 7. a4 d6 8. Bb3
h6 9. h3 Ba7 10. Nf1 d5 11. exd5 Nxd5 12. Ng3 Be6 13. O-O Qd7 14. Re1 Rae8 15.
Nxe5 Nxe5 16. Rxe5 Nxc3 17. bxc3 Bxb3 18. Qxb3 Rxe5 19. Bf4 Qe6 20. Qxe6 Rxe6
21. Rb1 Bb6 22. d4 Rfe8 23. Be3 Rc6 24. d5 Rf6 25. Bxb6 Rxb6 26. Rd1 g6 27. f3
f5 28. h4 h5 29. Nf1 Re2 30. Ng3 Reb2 31. Kf1 Rb1 32. Ke1 Rxd1+ 33. Kxd1 Rd6
34. c4 c6 35. Ne2 cxd5 36. cxd5 Rxd5+ 37. Kc2 Kf7 38. Kc3 Ra5 39. Kb4 Re5 40.
Nd4 b6 41. Kc4 Rc5+ 42. Kb3 Rc1 43. Ne2 Re1 44. Nf4 Rh1 45. Nd5 b5 46. a5 Ra1
47. Nc3 Ke6 0-1

[Event "34.Festival - Magistrale"]
[Site "Robecchetto con Induno ITA"]
[Date "2022.12.26"]
[Round "1.12"]
[White "Fassio, Luca"]
[Black "Shatil, Or"]
[Result "1-0"]
[WhiteElo "2010"]
[BlackElo "1779"]
[PlyCount "117"]
[EventDate "2022.12.26"]

1. e4 c5 2. c3 Nf6 3. e5 Nd5 4. d4 cxd4 5. cxd4 d6 6. Nf3 Nc6 7. Bc4 Nb6 8. Bb5
dxe5 9. Nxe5 Bd7 10. Bxc6 Bxc6 11. Nxc6 bxc6 12. O-O e6 13. Qg4 h5 14. Qe4 Qd5
15. Nc3 Qxe4 16. Nxe4 h4 17. Be3 Kd7 18. Rac1 Rh5 19. Rc2 Nd5 20. a3 Be7 21.
Rfc1 Rc8 22. b4 f5 23. Nc5+ Bxc5 24. Rxc5 f4 25. Bd2 Rhh8 26. Ra5 Rc7 27. b5
cxb5 28. Rxc7+ Kxc7 29. Rxa7+ Kd6 30. Kf1 g5 31. h3 Rc8 32. Ke2 Rc7 33. Rxc7
Kxc7 34. Kf3 Nf6 35. g3 hxg3 36. fxg3 fxg3 37. Bxg5 Nh5 38. Bh4 g2 39. Kxg2
Nf4+ 40. Kh2 Kc6 41. Bf6 Kd5 42. h4 Ke4 43. Bg7 Kf5 44. Kg1 Kg4 45. Bf6 Ne2+
46. Kf2 Nf4 47. Ke1 Ng2+ 48. Kd2 Nf4 49. Bg5 Nd5 50. Kd3 Kf5 51. Bd2 Kg4 52.
Ke4 Kxh4 53. Ke5 Nb6 54. Kxe6 Nc4 55. Bb4 Kg4 56. d5 Kf4 57. d6 Nxd6 58. Kxd6
Kf5 59. Bc3 1-0

[Event "34.Festival - Magistrale"]
[Site "Robecchetto con Induno ITA"]
[Date "2022.12.27"]
[Round "2.1"]
[White "Covello, Danilo"]
[Black "Angelini, Marco"]
[Result "0-1"]
[WhiteElo "2073"]
[BlackElo "2212"]
[PlyCount "84"]
[EventDate "2022.12.26"]

1. d4 g6 2. Nf3 Bg7 3. e3 Nf6 4. Be2 b6 5. O-O O-O 6. c4 Bb7 7. Nc3 e6 8. b3 c5
9. Bb2 Qe7 10. dxc5 bxc5 11. Rc1 Rd8 12. Qd2 Nc6 13. Rfd1 d6 14. Ng5 Ne8 15. f4
h6 16. Nh3 f5 17. Nf2 g5 18. Nd3 Nf6 19. Bf3 Ng4 20. Bxg4 fxg4 21. fxg5 hxg5
22. Qe2 g3 23. hxg3 Ne5 24. Na4 Nf7 25. Bxg7 Kxg7 26. Nc3 Rh8 27. e4 Rh6 28.
Nf2 Ne5 29. Ng4 Nxg4 30. Qxg4 Rah8 31. Kf2 Rh2 32. Rd2 Qf6+ 33. Ke3 Rh1 34.
Rxh1 Rxh1 35. Ne2 Qe5 36. Kd3 Bc6 37. Nc3 Rc1 38. Ne2 Re1 39. Nc3 Be8 40. Qf3
Bg6 41. Kc2 Rxe4 42. Kb2 Re3 0-1

[Event "34.Festival - Magistrale"]
[Site "Robecchetto con Induno ITA"]
[Date "2022.12.27"]
[Round "2.2"]
[White "Pegno, Mattia"]
[Black "Shatil, Shir"]
[Result "1/2-1/2"]
[WhiteElo "2178"]
[BlackElo "2051"]
[PlyCount "240"]
[EventDate "2022.12.26"]

1. d4 Nf6 2. Nf3 e6 3. Bf4 c5 4. e3 Nc6 5. Nbd2 d5 6. c3 cxd4 7. exd4 Nh5 8.
Bg5 f6 9. Be3 Bd6 10. c4 dxc4 11. Bxc4 Nf4 12. O-O O-O 13. Re1 Nd5 14. Ne4 Nce7
15. Bd2 b6 16. Qb3 Qd7 17. Nc3 Qb7 18. Rac1 Bd7 19. Ne4 Qb8 20. Ba6 Bc7 21. a4
Qe8 22. Bb5 a6 23. Bxd7 Qxd7 24. a5 Rfb8 25. Qa3 Kh8 26. h4 Rc8 27. h5 Nf5 28.
b4 Nd6 29. axb6 Bxb6 30. Nc5 Bxc5 31. bxc5 Nb5 32. Qd3 Qc6 33. Ra1 Ra7 34. Ba5
Re8 35. Qe4 Rae7 36. Red1 Rc8 37. Bd2 Ndc3 38. Qxc6 Rxc6 39. Bxc3 Nxc3 40. Rd3
Nb5 41. Rb3 Re8 42. Rb4 Rd8 43. Rba4 Nc7 44. Rb1 Nb5 45. Rba1 Nc7 46. Rb4 Nb5
47. Kf1 Kg8 48. Ke2 Kf7 49. Ke3 Rd7 50. g4 Ke7 51. g5 Rd5 52. h6 gxh6 53. gxf6+
Kxf6 54. Ne5 Rxe5+ 55. dxe5+ Kxe5 56. Rc1 Kd5 57. Rbc4 e5 58. R4c2 Nd4 59. Rc3
Nf5+ 60. Kd3 Nd4 61. Ke3 Nf5+ 62. Kf3 Nd4+ 63. Kg4 Ne6 64. Rd3+ Nd4 65. Ra3 Ne6
66. Ra5 Nxc5 67. Kf5 Kd4 68. Rd1+ Kc4 69. Kxe5 Nd3+ 70. Kf5 Nxf2 71. Rc1+ Kb4
72. Rxc6 Kxa5 73. Rxh6 Kb5 74. Rxh7 Nd3 75. Ke4 Nb4 76. Kd4 Nc6+ 77. Kc3 Kb6
78. Rh5 Na7 79. Kc4 Nb5 80. Rh6+ Kb7 81. Kc5 Nc7 82. Rb6+ Ka7 83. Kc6 Nb5 84.
Rb7+ Ka8 85. Kb6 Nd6 86. Rd7 Nc4+ 87. Kxa6 Kb8 88. Kb5 Ne5 89. Re7 Ng6 90. Re6
Nf4 91. Rd6 Kc7 92. Kc5 Nh5 93. Rh6 Nf4 94. Rh7+ Kd8 95. Kd6 Ke8 96. Ke5 Ng6+
97. Kf6 Nf4 98. Re7+ Kd8 99. Re5 Kd7 100. Kf5 Nh5 101. Kg6 Nf4+ 102. Kf5 Nh5
103. Rd5+ Ke7 104. Kg5 Ng7 105. Re5+ Kf7 106. Ra5 Ne6+ 107. Kf5 Ng7+ 108. Ke5
Kg6 109. Ra6+ Kf7 110. Rf6+ Ke7 111. Rg6 Kf7 112. Ra6 Ne8 113. Ra7+ Kf8 114.
Ke6 Ng7+ 115. Kf6 Ne8+ 116. Kg6 Nd6 117. Rd7 Ne8 118. Rf7+ Kg8 119. Re7 Kf8
120. Rxe8+ Kxe8 1/2-1/2

[Event "34.Festival - Magistrale"]
[Site "Robecchetto con Induno ITA"]
[Date "2022.12.27"]
[Round "2.3"]
[White "Dobboletta, Alex"]
[Black "Fassio, Luca"]
[Result "1/2-1/2"]
[WhiteElo "2134"]
[BlackElo "2010"]
[PlyCount "31"]
[EventDate "2022.12.26"]

1. e4 c6 2. d4 g6 3. c4 d5 4. e5 Be6 5. cxd5 Bxd5 6. Nc3 Bg7 7. Nxd5 cxd5 8.
Bd3 Nc6 9. Ne2 e6 10. a3 Nge7 11. b4 a6 12. Be3 O-O 13. Qd2 f6 14. exf6 Bxf6
15. h4 Nf5 16. Bxf5 1/2-1/2

[Event "34.Festival - Magistrale"]
[Site "Robecchetto con Induno ITA"]
[Date "2022.12.27"]
[Round "2.4"]
[White "Kalosha, Zhiulien Oleksii"]
[Black "Gonella, Daniele"]
[Result "0-1"]
[WhiteElo "2011"]
[BlackElo "2084"]
[PlyCount "80"]
[EventDate "2022.12.26"]

1. e4 c5 2. Nf3 e6 3. d4 cxd4 4. Nxd4 Nc6 5. Nc3 Qc7 6. Be3 a6 7. Qf3 Nf6 8.
O-O-O Ne5 9. Qg3 b5 10. f4 Neg4 11. Bg1 h5 12. e5 b4 13. Na4 Nd5 14. Nb3 Bb7
15. Nac5 Bc6 16. Kb1 Nh6 17. Bd3 g6 18. Ne4 Nf5 19. Qf3 a5 20. Nd4 Nxd4 21.
Bxd4 Qb7 22. Qf2 Nc3+ 23. Nxc3 bxc3 24. Bxc3 Bxg2 25. Rhe1 Bd5 26. Bd4 Rb8 27.
c4 Bc6 28. c5 Be7 29. Qc2 Qb4 30. Be4 Bxe4 31. Rxe4 O-O 32. Bf2 Qb5 33. Rc4
Rfc8 34. Bd4 Kh7 35. Rg1 Rb7 36. Rc3 Rbc7 37. Rcg3 Rg8 38. Rc1 Qc6 39. Rh3 Qd5
40. Bf2 Kg7 0-1

[Event "34.Festival - Magistrale"]
[Site "Robecchetto con Induno ITA"]
[Date "2022.12.27"]
[Round "2.5"]
[White "Lazic, Miroljub"]
[Black "Di, Chiara Mauro"]
[Result "1/2-1/2"]
[WhiteElo "2320"]
[BlackElo "1874"]
[PlyCount "57"]
[EventDate "2022.12.26"]

1. e4 c5 2. Nc3 Nc6 3. g3 g6 4. Bg2 Bg7 5. d3 e6 6. Be3 Nd4 7. Qd2 Ne7 8. Nd1
b6 9. c3 Ndc6 10. Bh6 Bxh6 11. Qxh6 d5 12. exd5 Nf5 13. Qf4 exd5 14. Ne3 Nxe3
15. Qxe3+ Be6 16. Nf3 O-O 17. O-O Qd7 18. d4 c4 19. Ne5 Qd6 20. Rfe1 Rad8 21.
Rad1 Rfe8 22. Qh6 f6 23. Nxc6 Qxc6 24. Re3 Bf7 25. Rde1 Rxe3 26. Qxe3 Re8 27.
Qd2 Rxe1+ 28. Qxe1 Qe6 29. Qxe6 1/2-1/2

[Event "34.Festival - Magistrale"]
[Site "Robecchetto con Induno ITA"]
[Date "2022.12.27"]
[Round "2.6"]
[White "Treccozzi, Riccardo"]
[Black "Mrdja, Milan"]
[Result "0-1"]
[WhiteElo "1873"]
[BlackElo "2146"]
[PlyCount "82"]
[EventDate "2022.12.26"]

1. d4 g6 2. Bf4 Bg7 3. Nc3 d6 4. e4 Nd7 5. Qd2 c6 6. O-O-O b5 7. f3 Qa5 8. Kb1
b4 9. Nce2 c5 10. Be3 Rb8 11. Nc1 cxd4 12. Bxd4 Ngf6 13. h4 h5 14. Nh3 Qc7 15.
Nf2 a5 16. g4 hxg4 17. fxg4 Bb7 18. Bg2 Nc5 19. g5 Nh5 20. Bxg7 Nxg7 21. Qd4
Nce6 22. Qe3 Rc8 23. Rd2 Qc5 24. Qxc5 Nxc5 25. Ncd3 Nge6 26. Nxc5 Nxc5 27. Re2
Kf8 28. Nd3 Kg7 29. Bf3 Ne6 30. Bg4 Rc4 31. Bxe6 fxe6 32. Nf2 d5 33. b3 Rd4 34.
Rh2 dxe4 35. Re3 Rf8 36. Ng4 Rf1+ 37. Kb2 Rdd1 38. c3 Rb1+ 39. Kc2 Rfc1+ 40.
Kd2 Rg1 41. Kc2 Rbc1+ 0-1

[Event "34.Festival - Magistrale"]
[Site "Robecchetto con Induno ITA"]
[Date "2022.12.27"]
[Round "2.7"]
[White "Brugo, Marco"]
[Black "Morello, Alessio"]
[Result "1/2-1/2"]
[WhiteElo "2021"]
[BlackElo "1981"]
[PlyCount "114"]
[EventDate "2022.12.26"]

1. d4 e6 2. c4 f5 3. g3 Nf6 4. Bg2 Be7 5. Nc3 O-O 6. Nf3 d6 7. O-O Ne4 8. Nxe4
fxe4 9. Ne1 d5 10. f3 dxc4 11. fxe4 Rxf1+ 12. Kxf1 e5 13. Qa4 exd4 14. Qxc4+
Kh8 15. Nf3 Nc6 16. Bf4 g5 17. Ne5 Qf8 18. Nxc6 bxc6 19. Qxd4+ Bf6 20. e5 Bg7
21. Bxc6 Rb8 22. e3 gxf4 23. exf4 Be6 24. b3 Rd8 25. Qc3 Qa3 26. Be4 Qa6+ 27.
Kf2 Qb6+ 28. Kf3 h5 29. Rc1 Qb5 30. Qe3 Bd5 31. Bxd5 Rxd5 32. Rc4 Qd7 33. e6
Qe7 34. Rxc7 Qxc7 35. e7 Re5 36. e8=Q+ Rxe8 37. Qxe8+ Kh7 38. Qxh5+ Kg8 39.
Qe8+ Kh7 40. Qe4+ Kh8 41. Qc4 Qb7+ 42. Qe4 Qc7 43. h4 Qd7 44. g4 Qd1+ 45. Qe2
Qh1+ 46. Kg3 Qg1+ 47. Qg2 Qe1+ 48. Qf2 Qd1 49. Qxa7 Bd4 50. Qa8+ Kg7 51. Qb7+
Kh8 52. Qc8+ Kg7 53. Qd7+ Kf8 54. Qd8+ Kf7 55. Qd7+ Kf6 56. Qf5+ Kg7 57. Qd7+
Kf8 1/2-1/2

[Event "34.Festival - Magistrale"]
[Site "Robecchetto con Induno ITA"]
[Date "2022.12.27"]
[Round "2.8"]
[White "Ranfagni, Stefano"]
[Black "Valtemara, Mattia Angelo"]
[Result "0-1"]
[WhiteElo "1934"]
[BlackElo "2018"]
[PlyCount "58"]
[EventDate "2022.12.26"]

1. e4 c6 2. d4 d5 3. exd5 cxd5 4. Bd3 Nc6 5. c3 Nf6 6. h3 g6 7. Nf3 Bf5 8. Bxf5
gxf5 9. Bf4 e6 10. Nbd2 Rg8 11. Rg1 Bd6 12. Bxd6 Qxd6 13. Qe2 Ne4 14. O-O-O
O-O-O 15. Ne5 Nxe5 16. dxe5 Qxe5 17. Nxe4 fxe4 18. Kb1 Kb8 19. Rd4 Qf5 20. g4
Qe5 21. Qe3 f5 22. Ra4 b6 23. f4 Qc7 24. g5 e5 25. Rf1 exf4 26. Rxf4 Rxg5 27.
Rfxe4 Rg3 28. Re7 Rxe3 29. Rxc7 Kxc7 0-1

[Event "34.Festival - Magistrale"]
[Site "Robecchetto con Induno ITA"]
[Date "2022.12.27"]
[Round "2.9"]
[White "Volpi, Davide"]
[Black "Barlocco, Carlo"]
[Result "1-0"]
[WhiteElo "1941"]
[BlackElo "1888"]
[PlyCount "93"]
[EventDate "2022.12.26"]

1. Nf3 d5 2. c4 d4 3. g3 Nc6 4. Bg2 e5 5. d3 Nf6 6. Nbd2 Bd6 7. O-O O-O 8. a3
a5 9. b3 h6 10. Qc2 Re8 11. c5 Bf8 12. Rb1 Bf5 13. Nh4 Bh7 14. b4 axb4 15. axb4
g5 16. b5 Ne7 17. Nhf3 Ned5 18. Bb2 e4 19. Nxd4 exd3 20. exd3 Nb4 21. Qc3 Nfd5
22. Bxd5 Nxd5 23. Qc4 Qd7 24. c6 bxc6 25. bxc6 Qd6 26. Rfe1 Nb6 27. Qb5 Qb4 28.
Ne4 Bxe4 29. dxe4 Red8 30. Ba1 Qa4 31. Qxa4 Rxa4 32. Nb5 Rd2 33. Bc3 Rc2 34.
Rec1 Raa2 35. Rxc2 Rxc2 36. Nxc7 Bc5 37. Be1 Kf8 38. Na6 Bd4 39. Rb4 Rc1 40.
Rxd4 Rxe1+ 41. Kg2 Rc1 42. Rd6 Ke7 43. Rxh6 Nc8 44. Nb4 Na7 45. Nd5+ Kf8 46. c7
Kg7 47. Rb6 1-0

[Event "34.Festival - Magistrale"]
[Site "Robecchetto con Induno ITA"]
[Date "2022.12.27"]
[Round "2.10"]
[White "Maglioni, Leonardo"]
[Black "Zanetti, Alberto"]
[Result "1-0"]
[WhiteElo "1883"]
[BlackElo "1938"]
[PlyCount "117"]
[EventDate "2022.12.26"]

1. e4 c5 2. Nf3 e6 3. d4 cxd4 4. Nxd4 Nf6 5. Nc3 d6 6. Be2 a6 7. O-O Qc7 8. f4
Nbd7 9. a4 Be7 10. Bf3 O-O 11. Qe1 Rb8 12. Kh1 Re8 13. g4 d5 14. e5 Ne4 15.
Nxe4 dxe4 16. Bxe4 Nc5 17. Bf3 Bd7 18. b3 f6 19. Qg3 Rbc8 20. Bb2 fxe5 21. fxe5
Bg5 22. Rad1 Rf8 23. Bg2 b5 24. axb5 axb5 25. Ba3 Be7 26. Qe3 Qa5 27. b4 Qa4
28. bxc5 b4 29. Rxf8+ Bxf8 30. Bb2 Bxc5 31. Qb3 Bxd4 32. Qxa4 Bxa4 33. Rxd4 Bc6
34. Rxb4 Bxg2+ 35. Kxg2 Rxc2+ 36. Kg3 Kf7 37. Rf4+ Kg6 38. Ba3 Rc3+ 39. Rf3 Rc4
40. Bd6 h5 41. Rf4 h4+ 42. Kf3 Rc3+ 43. Kg2 h3+ 44. Kf2 Kg5 45. Rf3 Rc4 46.
Rxh3 Rc2+ 47. Ke1 g6 48. Rf3 Kxg4 49. Rf2 Rc1+ 50. Kd2 Ra1 51. Ke3 g5 52. Kd4
Ra4+ 53. Kc5 Kh3 54. Kc6 Ra7 55. Bc5 Ra6+ 56. Kd7 g4 57. Bd6 g3 58. hxg3 Kxg3
59. Rf6 1-0

[Event "34.Festival - Magistrale"]
[Site "Robecchetto con Induno ITA"]
[Date "2022.12.27"]
[Round "2.11"]
[White "Shatil, Or"]
[Black "Elitropi, Giorgio"]
[Result "1/2-1/2"]
[WhiteElo "1779"]
[BlackElo "1924"]
[PlyCount "54"]
[EventDate "2022.12.26"]

1. e4 e6 2. d4 d5 3. Nd2 Nf6 4. e5 Nfd7 5. Bd3 c5 6. c3 Nc6 7. Ngf3 g6 8. h4 h6
9. h5 g5 10. g4 Qb6 11. Qa4 Ndb8 12. Qc2 Bd7 13. Bg6 Ne7 14. dxc5 Qxc5 15. Bd3
Nbc6 16. Nb3 Qb6 17. Be3 Qc7 18. Nbd4 a6 19. O-O-O O-O-O 20. Nb3 Na5 21. Nc5
Bb5 22. Na4 Bxd3 23. Qxd3 Nc4 24. b3 Nxe3 25. Qxe3 Nc6 26. Kb1 Kb8 27. Rhe1 Na7
1/2-1/2

[Event "34.Festival - Magistrale"]
[Site "Robecchetto con Induno ITA"]
[Date "2022.12.27"]
[Round "2.12"]
[White "Zacco, Remo"]
[Black "Ambrosini, Andrea"]
[Result "1-0"]
[WhiteElo "1889"]
[BlackElo "1827"]
[PlyCount "143"]
[EventDate "2022.12.26"]

1. e4 e5 2. Nf3 Nc6 3. Bb5 a6 4. Ba4 b5 5. Bb3 Nf6 6. Qe2 Bc5 7. c3 d6 8. a4 b4
9. a5 O-O 10. O-O h6 11. h3 bxc3 12. dxc3 Ne7 13. Bc4 Nh5 14. Rd1 Ng6 15. b4
Nhf4 16. Bxf4 Nxf4 17. Qf1 Ba7 18. Kh2 Qf6 19. Nbd2 g5 20. Ng1 g4 21. g3 Nh5
22. hxg4 Bxg4 23. f3 Bc8 24. Qe2 Qg5 25. Nf1 Bxg1+ 26. Kxg1 Nxg3 27. Qg2 Nxf1
28. Rxf1 Kg7 29. Ra2 f5 30. f4 exf4 31. Rxf4 Kh7 32. Raf2 Qxg2+ 33. Kxg2 Bb7
34. Bd3 Rg8+ 35. Kf1 Bxe4 36. Bxe4 fxe4 37. Rxe4 Rg7 38. Ke2 Rag8 39. Kd3 Rg3+
40. Kd4 c5+ 41. bxc5 dxc5+ 42. Kc4 h5 43. Rf5 R8g5 44. Rf7+ Kg6 45. Ra7 Kf5 46.
Ree7 R5g4+ 47. Kb3 Rb4+ 48. Kc2 Rg2+ 49. Kd3 c4+ 50. Ke3 Rg3+ 51. Kd4 Rg4+ 52.
Ke3 Rb3 53. Rf7+ Kg5 54. Rg7+ Kh4 55. Rxg4+ Kxg4 56. Kd4 h4 57. Kxc4 Rb1 58.
Rxa6 h3 59. Rh6 Kg3 60. a6 h2 61. Kc5 Kg2 62. c4 Ra1 63. Kb6 Rb1+ 64. Kc6 Ra1
65. Kb7 Rb1+ 66. Kc6 Ra1 67. Kb6 Rb1+ 68. Ka7 Rc1 69. Kb6 Rxc4 70. a7 Rb4+ 71.
Ka5 Rb1 72. a8=Q+ 1-0